000 00821nam a2200253Ia 4500
003 OSt
005 20221005112849.0
006 a|||||r|||| 00| 0
007 ta
008 221004b |||||||| |||| 00| 0 pan d
020 _a8187762497 (hbk)
_c400
024 _a117402
037 _b613, 22/02/2012, H.K. Prakashan
_cTextual
040 _aCRL
_cCRL
_bpan
041 _2pan
_apan
082 _aO153,3NDEEx, P7
100 _aਇਕਬਾਲ ਦੀਪ
245 0 _aਤਿੰਨ ਨਾਵਲ
260 _aਦਿੱਲੀ
_bਐੱਚ. ਕੇ. ਪ੍ਰਕਾਨ ਭਾਰਤ
_c2007
300 _a325ਪੰ
_ccm.
650 _aਪੰਜਾਬੀ ਸਾਹਿਤ
942 _hO153,3NDEEx, P7
_cTEXL
_2cc
999 _c1026234
_d1026234